000
00283nam a22001337a 4500
003
SGT
082
_a
370
_b
A14G
100
_a
GOYAL, RAJIV
245
_a
ARTHSHASTRA SHIKSHAN
260
_a
NEW DELHI
_b
PRERNA PRAKASHAN
_c
2014
300
_a
120
650
_a
EDUCATION
942
_2
ddc
_c
BK
999
_c
12626
_d
12626